Score 0/21 Timer 02:00
0 Plays Today
Hints / ☢ 'Before'..... ❤ 'After' 3-letter answer % Correct
'A long time ___, in a galaxy far, far away…'AGO
95.5%
☢ 'I would not eat green ___s and [rung 20]' ☢☢ EGG ☢
93.8%
Before I got up, in my chair I ___SAT
90.7%
❁ '___ I am' ❁ ❁ SAM ❁
89.4%
Id's not easy to notice when you're on an ___ tripEGO
87.1%
'We're ___ Pepper's Lonely Hearts Club Band' (abbrev)SGT
85.3%
X-Files FBI Special ___ Fox Mulder (abbrev)AGT
83.6%
'To ___ is human'ERR
81.4%
Udderly bovine beastCOW
79.5%
Although I play the piano 'by ___', neither of mine touches a keyEAR
78.7%
❤ 'I do so like green [rung 7]s and ___' ❤ ❤ HAM ❤
78%
Hints / ☢ 'Before'..... ❤ 'After' 3-letter answer % Correct
A centimeter-gram-second unit of workERG
74.6%
☢ 'I would not, could not, in a ___' ☢☢ CAR ☢
68.3%
You can say 'You really LIKE me!' or simply, take a ___BOW
67.9%
Quoth the raven, '___'CAW
64.2%
Prototypically ugly witchHAG
60.5%
❤ 'Thank you! Thank you, [Rung 1] __ ____!' (2 wds) ❤ ❤ I AM ❤
53.9%
In a state of mental confusion, you'd be unwise to drive through thisFOG
51.2%
Source of a slice of [rung 20]?HOG
48.3%
☢ 'I do not like them in a ___' ☢☢ BOX ☢
43.6%
❤ 'I will eat them with a ___' ❤ ❤ FOX ❤
41.4%

Today's Daily Dose

Remove Ads.
Support Sporcle.
Get the best of Sporcle when you Go Orange. This ad-free experience offers more features, more stats, and more fun while also helping to support Sporcle. Thank you for becoming a member.

You're not logged in!

Compare scores with friends on all Sporcle quizzes.
OR
Log In

Sporcle TV

Today on Sporcle TV


Watch our educational content, quiz creation guides, and fun videos on Sporcle TV.

Show Comments

Extras

Top Quizzes Today


Score Distribution

Paid Content

Your Account Isn't Verified!

In order to create a playlist on Sporcle, you need to verify the email address you used during registration. Go to your Sporcle Settings to finish the process.

Report this User

Report this user for behavior that violates our Community Guidelines.

Details: